| 000 | 00420nam a2200157Ia 4500 | ||
|---|---|---|---|
| 008 | 230312s9999||||xx |||||||||||||| ||und|| | ||
| 020 | _a0-7506-0899-4 | ||
| 082 |
_a721.028 _bADL-M |
||
| 100 | _aAdler;David | ||
| 245 | 0 | _aMetric Handbook Planning and Design Data | |
| 260 |
_bOxford _aIndia _c1999 |
||
| 300 | _a32.9 | ||
| 546 | _aEng. | ||
| 650 |
_aArchitecture _vMetric Handbook Planning and Design Data |
||
| 942 | _cBK | ||
| 999 |
_c9148 _d9148 |
||